[Event "N1 Reykjavik Open 2014"]
[Site "Reykjavik, Iceland"]
[Date "2014.03.09"]
[Round "7.82"]
[White "Norlander, Svante"]
[Black "Karlsson, Mikael Johann"]
[Result "0-1"]
[WhiteElo "1754"]
[BlackElo "2051"]
[EventDate "2014.03.04"]
[PlyCount "0"]

1. e4 c5 2. Nf3 Nc6 3. d4 cxd4 4. Nxd4 Qb6 5. Nb3 Nf6 6. Nc3 e6 7. Be3 Qc7
8. f3 a6 9. Qd2 d6 10. g4 Ne5 11. Nd4 b5 12. g5 Nfd7 13. b3 Bb7 14. Be2 
Rc8 15. Nd1 Nc6 16. c3 Be7 17. h4 d5 18. exd5 Nxd4 19. Bxd4 Bxd5 20. Rg1 
Bc5 21. f4 Bd6 22. Be3 Nc5 23. Qd4 Rg8 24. Nf2 Nd7 25. Rc1 Bc5 26. Qd3 Bb7
27. Bxc5 Nxc5 28. Qe3 Ke7 29. f5 Qh2 30. f6+ Ke8 31. Kd2 Qxh4 32. Rg4 Qh2 
33. Kc2 gxf6 34. gxf6 Rxg4 35. Nxg4 Qg2 36. Kb2 Qe4 37. Qf2 Qxg4 38. Rg1 
Qf5 39. Qd4 Qd5 40. Qe3 Qe4 41. Qd2 Qd5 42. Qh6 Qe4 43. Bh5 Nd3+ 44. Ka1 
Qe5 45. Bxf7+ Kd8 46. Qd2 Rxc3 47. Kb1 Qxf6 48. Bxe6 Be4 49. Bh3 Ke7 50. 
Bg2 Bf5 51. Bh3 Bxh3 52. Qe3+ Be6 53. Qa7+ Bd7 54. Qe3+ Kf7 55. Qe2 Bf5 
56. Qh5+ Kf8 57. Qh2 Nf4+ 58. Kb2 Rc2+ 0-1

[Event "N1 Reykjavik Open 2014"]
[Site "Reykjavik, Iceland"]
[Date "2014.03.09"]
[Round "7.83"]
[White "Runarsson, Gunnar"]
[Black "Sjol, Henrik"]
[Result "1-0"]
[WhiteElo "2048"]
[BlackElo "1853"]
[EventDate "2014.03.04"]
[PlyCount "71"]

1. d4 d5 2. e4 c6 3. e5 Bf5 4. Nf3 e6 5. Be2 c5 6. O-O Nc6 7. dxc5 Bxc5 8.
 c3 h6 9. Nbd2 Nge7 10. Nb3 Bb6 11. Bf4 Ng6 12. Bg3 Bc7 13. Bb5 Ne7 14. 
Nfd4 a6 15. Nxc6 bxc6 16. Ba4 O-O 17. Nc5 Bb6 18. Nd3 Qc7 19. Re1 Bh7 20. 
Nf4 Nf5 21. Bc2 Nxg3 22. Bxh7+ Kxh7 23. hxg3 Rab8 24. Qd3+ Kg8 25. Qxa6 c5
26. Qe2 c4 27. Qg4 Kh8 28. Nh5 Rg8 29. Qf4 Kh7 30. g4 Bc5 31. Re2 Be7 32. 
Qxf7 Rbf8 33. Qxe6 Qc5 34. Rd1 Rxf2 35. Rxf2 Rf8 36. Rd4 1-0

[Event "N1 Reykjavik Open 2014"]
[Site "Reykjavik, Iceland"]
[Date "2014.03.09"]
[Round "7.84"]
[White "Knutsson, Larus"]
[Black "Forsa, Elise"]
[Result "1/2-1/2"]
[WhiteElo "2044"]
[BlackElo "1830"]
[EventDate "2014.03.04"]
[PlyCount "0"]

1. e4 c5 2. Nf3 e6 3. c3 Nf6 4. e5 Nd5 5. d4 cxd4 6. Nxd4 d6 7. Bb5+ Bd7 
8. exd6 Bxd6 9. c4 Bb4+ 10. Bd2 Bxd2+ 11. Qxd2 Nf6 12. Nc3 a6 13. Bxd7+ 
Nbxd7 14. O-O O-O 15. Rfd1 Qc7 16. Qe2 Rac8 17. b3 b5 18. Rac1 bxc4 19. 
Na4 Qe5 20. Rxc4 Qxe2 21. Nxe2 Rxc4 22. bxc4 Rc8 23. Rc1 Ne4 24. f3 Nec5 
25. Nb2 Kf8 26. Rc2 Ke7 27. Kf2 h5 28. Nf4 h4 29. Ke3 g5 30. Nfd3 f5 31. 
Kd4 Kd6 32. Nc1 Rg8 33. Nb3 e5+ 34. Kc3 g4 35. Rd2+ Kc6 36. Nxc5 Nxc5 37. 
Rd5 gxf3 38. gxf3 Rg2 39. h3 Rg3 40. Rxe5 Rxf3+ 41. Kd4 Ne4 42. Nd3 Rxh3 
43. Rxf5 Ng3 44. Rf6+ Kc7 45. Nf4 Rh1 46. Rf7+ Kd6 47. c5+ Kc6 48. Rf6+ 
Kd7 49. Rd6+ Kc8 50. Rxa6 h3 51. Rc6+ Kd7 52. Rd6+ Kc8 53. Rc6+ Kd7 54. 
Rd6+ Kc8 55. Rc6+ 1/2-1/2

[Event "N1 Reykjavik Open 2014"]
[Site "Reykjavik, Iceland"]
[Date "2014.03.09"]
[Round "7.85"]
[White "Leosson, Atli Johann"]
[Black "Baldursson, Haraldur"]
[Result "1-0"]
[WhiteElo "1759"]
[BlackElo "2027"]
[EventDate "2014.03.04"]
[PlyCount "93"]

1. e4 c5 2. Nf3 d6 3. Bb5+ Bd7 4. Bxd7+ Qxd7 5. O-O e6 6. b3 Nf6 7. Re1 
Nc6 8. Bb2 Be7 9. d4 cxd4 10. Nxd4 Rc8 11. c4 O-O 12. Nxc6 Qxc6 13. Nc3 a6
14. Qe2 Rfe8 15. Rad1 Rb8 16. e5 dxe5 17. Qxe5 Rbd8 18. Rxd8 Rxd8 19. Ne4 
b5 20. c5 h6 21. b4 Kh7 22. h3 Rd5 23. Nxf6+ Bxf6 24. Qe4+ Kg8 25. Bxf6 
gxf6 26. Qf4 Rg5 27. g3 f5 28. Rd1 Kh7 29. Rd6 Qe4 30. Qxe4 fxe4 31. Kg2 
a5 32. a3 Re5 33. Rb6 e3 34. fxe3 Rxe3 35. Rxb5 axb4 36. axb4 Rc3 37. Rb6 
Kg6 38. c6 Kf5 39. b5 Ke4 40. g4 Kf4 41. Rb7 f5 42. gxf5 exf5 43. Re7 Rg3+
44. Kf2 Rxh3 45. c7 Rh2+ 46. Ke1 Rc2 47. b6 1-0

[Event "N1 Reykjavik Open 2014"]
[Site "Reykjavik, Iceland"]
[Date "2014.03.09"]
[Round "7.86"]
[White "Hansen, Lars-Henrik Bech"]
[Black "Hansen, Erle Andrea Marki"]
[Result "1-0"]
[WhiteElo "2022"]
[BlackElo "1810"]
[EventDate "2014.03.04"]
[PlyCount "0"]

1. e4 c5 2. Nf3 Nc6 3. d4 cxd4 4. Nxd4 Nf6 5. Nc3 e5 6. Ndb5 d6 7. Nd5 
Nxd5 8. exd5 Ne7 9. c4 Nf5 10. Bd3 Be7 11. O-O O-O 12. Kh1 Bf6 13. Nc3 g6 
14. Qe1 Bg7 15. b4 Bd7 16. Bb2 Rc8 17. Rc1 b6 18. Ne4 Be8 19. b5 Rc7 20. 
a4 Ne7 21. Ba3 Nc8 22. Qb4 Rd7 23. Qd2 Qh4 24. g3 Qe7 25. Rce1 f5 26. Nc3 
Qf6 27. Bb2 f4 28. Qd1 g5 29. Qg4 h5 30. Qe6+ Qxe6 31. dxe6 Re7 32. Be4 
Bh6 33. Bd5 Bg6 34. Rd1 Bf5 35. gxf4 gxf4 36. Rg1+ Kh8 37. f3 Rg8 38. Ne4 
Bg7 39. Rg5 Bxe4 40. Bxe4 Bf6 41. Rxh5+ Kg7 42. Ba3 Rh8 43. Rxh8 Kxh8 44. 
Bf5 Rc7 45. Bxd6 Rxc4 46. Bb8 Ne7 47. Rd8+ Kg7 48. Rd7 Kh6 49. Be4 Rxa4 
50. Bd6 Ng6 51. e7 Nh4 52. Kg1 Ra1+ 53. Kf2 Ra2+ 54. Kf1 Ra1+ 55. Ke2 Ra2+
56. Kd3 Bxe7 57. Rxe7 Ng2 58. Rh7+ Kg5 59. Be7# 1-0

[Event "N1 Reykjavik Open 2014"]
[Site "Reykjavik, Iceland"]
[Date "2014.03.09"]
[Round "7.87"]
[White "Thorhallsson, Simon"]
[Black "Sielicki, Tomasz"]
[Result "1-0"]
[WhiteElo "1636"]
[BlackElo "2019"]
[EventDate "2014.03.04"]
[PlyCount "0"]

1. d4 d6 2. e4 g6 3. c4 Bg7 4. Nc3 Nc6 5. Be3 e5 6. Nge2 Nf6 7. f3 O-O 8. 
Qd2 a5 9. d5 Ne7 10. g4 Bxg4 11. fxg4 Nxg4 12. Bg5 f6 13. Bh3 h5 14. Bxg4 
hxg4 15. Bh6 f5 16. h3 gxh3 17. Rxh3 f4 18. O-O-O Qd7 19. Rdh1 Qg4 20. 
Bxg7 Kxg7 21. Nd4 exd4 22. Rh7+ Kf6 23. Qxd4+ Kg5 24. Rg1 Rae8 25. Rxg4+ 
Kxg4 26. Qg1+ Kf3 27. Rh3# 1-0

[Event "N1 Reykjavik Open 2014"]
[Site "Reykjavik, Iceland"]
[Date "2014.03.09"]
[Round "7.88"]
[White "Klyszcz, Michael"]
[Black "Jonsson, Pall G"]
[Result "0-1"]
[WhiteElo "2011"]
[BlackElo "1802"]
[EventDate "2014.03.04"]
[PlyCount "60"]

1. Nf3 g6 2. g3 Bg7 3. Bg2 c5 4. O-O Nc6 5. e4 e6 6. d3 b6 7. Re1 Bb7 8. 
c3 Nge7 9. Nbd2 d5 10. Qe2 O-O 11. Nf1 Ba6 12. e5 b5 13. h4 Rb8 14. N1h2 
b4 15. Bf4 h6 16. Qd2 Kh7 17. Ng4 Ng8 18. Kh2 Rb7 19. Rh1 h5 20. Bg5 Qc7 
21. Nf6+ Bxf6 22. Bxf6 Nxf6 23. exf6 Ne5 24. Ng5+ Kg8 25. f3 Qd8 26. cxb4 
Rxb4 27. a3 Rb6 28. d4 cxd4 29. Qxd4 Qxf6 30. b4 Ng4+ 0-1

[Event "N1 Reykjavik Open 2014"]
[Site "Reykjavik, Iceland"]
[Date "2014.03.09"]
[Round "7.89"]
[White "Petersson, Baldur Teodor"]
[Black "Murray, Michael A."]
[Result "1-0"]
[WhiteElo "1624"]
[BlackElo "2004"]
[EventDate "2014.03.04"]
[PlyCount "0"]

1. e4 Nc6 2. Nf3 e6 3. d4 d5 4. exd5 exd5 5. c3 Bd6 6. Bd3 Nge7 7. O-O Bg4
8. Re1 Qd7 9. b4 O-O 10. Bg5 f6 11. Bh4 Ng6 12. Bg3 Bxg3 13. hxg3 f5 14. 
Nbd2 Rf6 15. Qc2 Raf8 16. a4 f4 17. Bxg6 Rxg6 18. b5 fxg3 19. fxg3 Bxf3 
20. bxc6 Qg4 21. Nxf3 Rxf3 22. Re8+ Kf7 23. cxb7 Rxg3 24. Rf1+ Kxe8 25. 
b8=Q+ Kd7 26. Rf7+ 1-0

[Event "N1 Reykjavik Open 2014"]
[Site "Reykjavik, Iceland"]
[Date "2014.03.09"]
[Round "7.90"]
[White "Valtysson, Thor"]
[Black "Heimisson, Hilmir Freyr"]
[Result "1-0"]
[WhiteElo "1998"]
[BlackElo "1761"]
[EventDate "2014.03.04"]
[PlyCount "0"]

1. d4 d5 2. Nf3 Nf6 3. c4 c6 4. e3 e6 5. Nc3 Bb4 6. Bd2 O-O 7. Bd3 Nbd7 8.
 O-O Bd6 9. e4 dxe4 10. Nxe4 Be7 11. Qc2 Nxe4 12. Bxe4 f5 13. Bd3 Bf6 14. 
Rfe1 Nb6 15. Bc3 g5 16. Rad1 g4 17. Ne5 Bxe5 18. Rxe5 h5 19. Qd2 Kh7 20. 
Rde1 Rf7 21. d5 Rf6 22. dxe6 Qe7 23. Bxf5+ Kg8 24. Bb4 Nxc4 25. Bxe7 Nxd2 
26. Bxf6 Nc4 27. e7 Bxf5 28. e8=Q+ Rxe8 29. Rxe8+ Kf7 30. Bc3 Nd6 31. 
R1e7+ Kg6 32. Rg7+ Kh6 33. Rh8+ 1-0

[Event "N1 Reykjavik Open 2014"]
[Site "Reykjavik, Iceland"]
[Date "2014.03.09"]
[Round "7.91"]
[White "Aubert, Carsten"]
[Black "Thorarensen, Adalsteinn"]
[Result "0-1"]
[WhiteElo "1997"]
[BlackElo "1737"]
[EventDate "2014.03.04"]
[PlyCount "0"]

1. d4 d5 2. c4 c6 3. Nc3 Nf6 4. Nf3 e6 5. e3 a6 6. Bd3 Bd6 7. O-O Nbd7 8. 
Re1 dxc4 9. Bxc4 b5 10. Bd3 c5 11. e4 cxd4 12. Nxb5 axb5 13. e5 Bb4 14. 
exf6 Bxe1 15. fxg7 Bxf2+ 16. Kxf2 Rg8 17. Bh6 Qf6 18. Qd2 Ne5 19. Bxb5+ 
Bd7 20. Bg5 Nxf3 21. gxf3 Qxg7 22. Bxd7+ Kxd7 23. h4 h6 24. Qb4 hxg5 25. 
Qb7+ Kd6 26. Qb4+ Ke5 27. Qc5+ Kf4 28. Rg1 f5 29. Qc1+ Ke5 30. Qc5+ Kf6 
31. Qxd4+ Kf7 32. Qb6 Rgd8 33. Rxg5 Qd4+ 0-1

[Event "N1 Reykjavik Open 2014"]
[Site "Reykjavik, Iceland"]
[Date "2014.03.09"]
[Round "7.92"]
[White "Iclicki, Willy"]
[Black "Kolka, Dawid"]
[Result "1-0"]
[WhiteElo "1993"]
[BlackElo "1736"]
[EventDate "2014.03.04"]
[PlyCount "0"]

1. d4 c6 2. c4 d5 3. Nc3 Nf6 4. e3 e6 5. Nf3 Nbd7 6. Bd3 Be7 7. O-O O-O 8.
 Qe2 Re8 9. e4 dxe4 10. Nxe4 Nxe4 11. Bxe4 Nf6 12. Bc2 b6 13. Rd1 Bb7 14. 
Bg5 Qc7 15. c5 Nd5 16. Qe4 g6 17. Qh4 Ba6 18. Re1 Rab8 19. cxb6 axb6 20. 
Be4 Bxg5 21. Nxg5 Nf6 22. Rac1 Bb7 23. Re3 Rbc8 24. Rf3 Qe7 25. Qh6 Rc7 
26. Rh3 Qb4 27. Rd1 Qxb2 28. Nxh7 Nxh7 29. Qxh7+ Kf8 30. Bxg6 c5 31. Qh6+ 
Ke7 32. Qf4 Kd8 33. Bxf7 Rf8 34. Rh7 Qc2 35. Qxc7+ 1-0

[Event "N1 Reykjavik Open 2014"]
[Site "Reykjavik, Iceland"]
[Date "2014.03.09"]
[Round "7.94"]
[White "Marentini, Marcel"]
[Black "Pajeken, Jakob Leon"]
[Result "1-0"]
[WhiteElo "2155"]
[BlackElo "1703"]
[EventDate "2014.03.04"]
[PlyCount "0"]

1. c4 e5 2. g3 Nf6 3. Bg2 c6 4. d4 Bb4+ 5. Bd2 Bxd2+ 6. Qxd2 d6 7. Nc3 O-O
8. e3 Qc7 9. Nge2 Re8 10. O-O Nbd7 11. h3 Nf8 12. Rac1 Bd7 13. f4 exf4 14.
 exf4 Qa5 15. d5 cxd5 16. cxd5 Bb5 17. Rf2 Bxe2 18. Rxe2 N8d7 19. Kh2 Nc5 
20. Rce1 Kf8 21. Qd4 Qb6 22. Qc4 Rxe2 23. Rxe2 Re8 24. Rxe8+ Kxe8 25. b4 
Qa6 26. Nb5 Qa4 27. Nxd6+ Kd7 28. bxc5 Qxc4 29. Nxc4 Kc8 30. Nd6+ Kc7 31. 
Nxf7 b6 32. d6+ Kc8 33. c6 1-0

[Event "N1 Reykjavik Open 2014"]
[Site "Reykjavik, Iceland"]
[Date "2014.03.09"]
[Round "7.95"]
[White "Carlsen, Henrik"]
[Black "Altman, Joshua"]
[Result "1-0"]
[WhiteElo "2027"]
[BlackElo "1650"]
[EventDate "2014.03.04"]
[PlyCount "81"]

1. d4 Nf6 2. c4 g6 3. g3 Bg7 4. Bg2 d5 5. cxd5 Nxd5 6. e4 Nb6 7. Ne2 c5 8.
 d5 O-O 9. O-O N8d7 10. Nbc3 c4 11. b3 Nc5 12. Ba3 Nd3 13. bxc4 Nxc4 14. 
Bxe7 Nxf2 15. Bxd8 Nxd1 16. Bf6 Nde3 17. Bxg7 Kxg7 18. Rfc1 Bg4 19. h3 
Bxe2 20. Nxe2 Rfe8 21. Bh1 Nd6 22. Rc3 Nec4 23. Nd4 Rac8 24. Re1 Re5 25. 
Re2 b5 26. Rcc2 a5 27. Nc6 Rg5 28. Kh2 a4 29. h4 Rg4 30. Bf3 h5 31. e5 Nf5
32. Bxg4 hxg4 33. Na7 Rc7 34. Nxb5 Rc5 35. Nd6 Nd4 36. Rf2 Nxc2 37. Rxc2 
Rxd5 38. Nxc4 Rc5 39. Kg2 Kf8 40. Kf2 Ke7 41. Ke3 1-0

[Event "N1 Reykjavik Open 2014"]
[Site "Reykjavik, Iceland"]
[Date "2014.03.09"]
[Round "7.96"]
[White "Morkedal, Oyvind"]
[Black "Stolberg-Rohr, Thomine"]
[Result "1-0"]
[WhiteElo "1704"]
[BlackElo "1964"]
[EventDate "2014.03.04"]
[PlyCount "0"]

1. e4 e5 2. Nf3 Nc6 3. Bb5 a6 4. Ba4 Nf6 5. O-O Be7 6. Re1 b5 7. Bb3 O-O 
8. h3 Bb7 9. d3 d6 10. c3 Na5 11. Bc2 c5 12. Nbd2 Rb8 13. Nf1 Qc7 14. d4 
c4 15. Ng3 Bc8 16. dxe5 dxe5 17. Nf5 Bc5 18. Be3 Nb7 19. Nh2 Bxe3 20. Rxe3
Nc5 21. Ng4 Rb6 22. Qf3 Kh8 23. Qg3 Ncxe4 24. Bxe4 Nxe4 25. Rxe4 Bxf5 26. 
Rxe5 Be6 27. Rae1 Qb8 28. Qe3 Rd8 29. Rh5 Bxg4 30. hxg4 Re6 31. Re5 Rde8 
32. f4 Rxe5 33. fxe5 Qd8 34. g5 Re6 35. Qf3 Qe8 36. Kf2 Kg8 37. Qe4 Qc6 
38. Qxc6 Rxc6 39. Kf3 Kf8 40. Rd1 Ke7 41. Ke4 h6 42. Rd6 Rxd6 43. exd6+ 
Kxd6 44. gxh6 gxh6 45. Kf5 a5 46. Kf6 b4 47. g4 bxc3 48. bxc3 Kd5 49. Kf5 
f6 50. a4 Kd6 51. Kxf6 Kd5 52. Kf5 Kd6 53. Kg6 Ke5 54. Kxh6 Ke4 55. g5 Kd3
56. g6 Kxc3 57. g7 Kb3 58. g8=Q 1-0

[Event "N1 Reykjavik Open 2014"]
[Site "Reykjavik, Iceland"]
[Date "2014.03.09"]
[Round "7.97"]
[White "Hauksdottir, Hrund"]
[Black "Meier, Gerd"]
[Result "0-1"]
[WhiteElo "1668"]
[BlackElo "1901"]
[EventDate "2014.03.04"]
[PlyCount "0"]

1. e4 c5 2. Nf3 d6 3. d4 cxd4 4. Nxd4 Nf6 5. Nc3 a6 6. Be3 e5 7. Nb3 Be6 
8. Be2 Nbd7 9. Qd2 Be7 10. f3 O-O 11. O-O-O Qc7 12. f4 b5 13. f5 Bxb3 14. 
axb3 Nc5 15. Bxc5 dxc5 16. g4 Rfd8 17. Qe3 h6 18. h4 Rxd1+ 19. Bxd1 b4 20.
 Nb1 Qc6 21. Nd2 Nh7 22. Nf3 Qf6 23. Rg1 Rd8 24. Be2 g5 25. fxg6 fxg6 26. 
Qxh6 a5 27. Bc4+ Kh8 28. Ng5 Qf4+ 29. Kb1 Bxg5 30. hxg5 Qxg5 31. Qxg5 Nxg5
32. Bd5 Nf3 33. Rg3 Nd4 34. c3 Ne2 35. Rf3 Nf4 36. c4 Kg7 37. g5 Rh8 38. 
Kc2 Rh3 39. Rf2 Rg3 40. Rd2 Rxg5 41. Bb7 Rg2 42. Bc8 Kh6 43. Rxg2 Nxg2 44.
 Kd2 Kg5 45. Bh3 Nf4 46. Bd7 Kh4 0-1

[Event "N1 Reykjavik Open 2014"]
[Site "Reykjavik, Iceland"]
[Date "2014.03.09"]
[Round "7.98"]
[White "Steingrimsson, Karl Egill"]
[Black "Haraldsson, Oskar"]
[Result "1/2-1/2"]
[WhiteElo "1663"]
[BlackElo "1897"]
[EventDate "2014.03.04"]
[PlyCount "0"]

1. Nf3 Nf6 2. d4 g6 3. Nc3 Bg7 4. e4 d6 5. Be2 O-O 6. O-O c6 7. Bf4 Nh5 8.
 Be3 Qc7 9. Qd2 b5 10. a3 a6 11. Bh6 e5 12. Bxg7 Nxg7 13. Qh6 f5 14. Ng5 
Ne8 15. dxe5 dxe5 16. Rad1 Qg7 17. Qxg7+ Nxg7 18. Rd2 Nd7 19. Rfd1 Nc5 20.
 exf5 Bxf5 21. Bf3 1/2-1/2

[Event "N1 Reykjavik Open 2014"]
[Site "Reykjavik, Iceland"]
[Date "2014.03.09"]
[Round "7.99"]
[White "Kjartansson, Dagur"]
[Black "Schadd, Jan"]
[Result "1-0"]
[WhiteElo "1662"]
[BlackElo "1893"]
[EventDate "2014.03.04"]
[PlyCount "0"]

1. c4 c6 2. Nc3 d5 3. cxd5 cxd5 4. d4 Nf6 5. g3 Bf5 6. Bg2 e6 7. Bf4 Nc6 
8. Nf3 Be7 9. O-O O-O 10. Rc1 Ne4 11. Ne5 Nxe5 12. Bxe5 Nd6 13. Bxd6 Bxd6 
14. e4 dxe4 15. Nxe4 Be7 16. Nc5 Rb8 17. Qa4 a6 18. Nxb7 Qb6 19. Nc5 Qxb2 
20. Nd7 Rb4 21. Qxa6 Rd8 22. Ne5 Rb6 23. Qa7 Kf8 24. Nc4 1-0

[Event "N1 Reykjavik Open 2014"]
[Site "Reykjavik, Iceland"]
[Date "2014.03.09"]
[Round "7.100"]
[White "Kilthau, Peter"]
[Black "Lee, Gudmundur Kristinn"]
[Result "1-0"]
[WhiteElo "1886"]
[BlackElo "1649"]
[EventDate "2014.03.04"]
[PlyCount "49"]

1. e4 e6 2. d4 d5 3. Nc3 Bb4 4. exd5 exd5 5. Bd2 Ne7 6. Nf3 O-O 7. Ne2 
Bxd2+ 8. Qxd2 Nbc6 9. Ng3 Ng6 10. Be2 Bg4 11. O-O f5 12. h3 Bxf3 13. Bxf3 
f4 14. Ne2 Qg5 15. Kh2 Nh4 16. Ng1 Rf6 17. Bg4 Rh6 18. Bf3 Rf8 19. Rad1 
Rff6 20. g3 fxg3+ 21. fxg3 Nxf3+ 22. Rxf3 Rxh3+ 23. Kxh3 Qh5+ 24. Kg2 Rh6 
25. Kf1 1-0

[Event "N1 Reykjavik Open 2014"]
[Site "Reykjavik, Iceland"]
[Date "2014.03.09"]
[Round "7.101"]
[White "Nordquelle, Daniel"]
[Black "Eliasson, Kristjan Orn"]
[Result "0-1"]
[WhiteElo "1654"]
[BlackElo "1875"]
[EventDate "2014.03.04"]
[PlyCount "0"]

1. e4 g6 2. d4 Bg7 3. Nf3 d6 4. Bc4 Nf6 5. h3 c6 6. Nc3 O-O 7. Qe2 Qc7 8. 
O-O e5 9. dxe5 dxe5 10. a3 Nbd7 11. Be3 Nb6 12. Bb3 h6 13. Rad1 Nbd7 14. 
Ne1 g5 15. Nd3 b6 16. Qd2 Ba6 17. h4 Ng4 18. hxg5 Nxe3 19. Qxe3 Kh7 20. 
Qh3 Rad8 21. Rfe1 Bc8 22. Qh5 f6 23. gxh6 Bxh6 24. Bf7 Rg8 25. Bxg8+ Rxg8 
26. Ne2 Nf8 27. Qh4 Qg7 28. Ng3 Bg4 29. Ra1 Qg6 30. Nb4 Rg7 31. Qh2 Kg8 
32. Nf5 Bf4 33. g3 Rh7 34. Nh4 Qg5 35. gxf4 exf4 36. Qg2 f3 37. Qg3 Rxh4 
38. Re3 Rh3 0-1

[Event "N1 Reykjavik Open 2014"]
[Site "Reykjavik, Iceland"]
[Date "2014.03.09"]
[Round "7.102"]
[White "Rache, Ralf"]
[Black "Einarsson, Oskar Long"]
[Result "1/2-1/2"]
[WhiteElo "1862"]
[BlackElo "1599"]
[EventDate "2014.03.04"]
[PlyCount "71"]

1. e4 c5 2. Nf3 d6 3. d4 Nf6 4. Nc3 cxd4 5. Nxd4 a6 6. Bc4 e6 7. Bb3 Be7 
8. Be3 O-O 9. g4 b5 10. g5 Ne8 11. Rg1 g6 12. Qe2 Ng7 13. O-O-O Bb7 14. 
Qg4 b4 15. Nce2 Nd7 16. Ng3 a5 17. Ba4 Rc8 18. Nb5 Nb6 19. Bb3 Qe8 20. 
Nxd6 Bxd6 21. Rxd6 Rc6 22. Rgd1 Qb8 23. Bf4 Qa7 24. Be3 Qa6 25. Rxc6 Bxc6 
26. Rd6 Nc8 27. Rd4 Nb6 28. Rd6 Rc8 29. Bxb6 Qxb6 30. Ba4 Ne8 31. Rxc6 
Rxc6 32. Bxc6 Qxc6 33. Qe2 Nd6 34. Qd3 Qc5 35. Qd2 Nc4 36. Qd8+ 1/2-1/2

[Event "N1 Reykjavik Open 2014"]
[Site "Reykjavik, Iceland"]
[Date "2014.03.09"]
[Round "7.103"]
[White "Opasiak, Dustin Tennessee"]
[Black "Birkisson, Bardur Orn"]
[Result "1-0"]
[WhiteElo "1812"]
[BlackElo "1475"]
[EventDate "2014.03.04"]
[PlyCount "0"]

1. e4 e5 2. Nf3 Nc6 3. Bb5 a6 4. Bxc6 bxc6 5. d4 exd4 6. Qxd4 d6 7. O-O 
Bg4 8. Qc3 Qd7 9. h3 Bxf3 10. Qxf3 Be7 11. Re1 Nf6 12. e5 Nd5 13. exd6 
cxd6 14. c4 Nf6 15. Nc3 O-O 16. Be3 Rab8 17. Re2 Rfe8 18. Rae1 Bd8 19. Bd4
c5 20. Be3 h6 21. Rd1 Bc7 22. Bxc5 Rxe2 23. Qxe2 Re8 24. Qd3 Qc6 25. Be3 
Ne4 26. Nxe4 Rxe4 27. b3 Re6 28. Bf4 Rg6 29. Qd5 Qe8 30. Kf1 Rf6 31. Bg3 
Re6 32. Qd2 Kf8 33. Qb4 a5 34. Qb7 Qe7 35. c5 g6 36. cxd6 Bxd6 37. Bxd6 
Rxd6 38. Qb8+ 1-0

[Event "N1 Reykjavik Open 2014"]
[Site "Reykjavik, Iceland"]
[Date "2014.03.09"]
[Round "7.104"]
[White "Szumniak, Jedrzej"]
[Black "de Winter, Eric"]
[Result "1-0"]
[WhiteElo "1618"]
[BlackElo "1804"]
[EventDate "2014.03.04"]
[PlyCount "91"]

1. d4 Nf6 2. c4 g6 3. Nc3 d5 4. Bf4 c6 5. e3 Bg7 6. Nf3 O-O 7. a3 a6 8. 
Rc1 Bg4 9. h3 Bxf3 10. Qxf3 e6 11. c5 Re8 12. b4 Nh5 13. Bd6 Nd7 14. g4 
Nhf6 15. Qg3 Ne4 16. Nxe4 dxe4 17. Bc4 a5 18. b5 Nb8 19. b6 Nd7 20. h4 e5 
21. h5 g5 22. h6 Bh8 23. Bc7 Qf6 24. Rh5 Qg6 25. f4 exf3 26. Qxf3 Nf6 27. 
Bxe5 Nd5 28. Bxd5 cxd5 29. Bxh8 Kxh8 30. Kd2 Re4 31. Rf1 Kg8 32. Qf5 Qxf5 
33. Rxf5 f6 34. Rxf6 Rxg4 35. Rf5 Rg2+ 36. Kd3 g4 37. Rhg5+ Kh8 38. Rxd5 
g3 39. Rd7 Rb8 40. Rgg7 Ra2 41. Rxh7+ Kg8 42. Rhg7+ Kh8 43. Rxg3 a4 44. 
Rgg7 Rg2 45. Rxg2 Re8 46. Rf2 1-0

[Event "N1 Reykjavik Open 2014"]
[Site "Reykjavik, Iceland"]
[Date "2014.03.09"]
[Round "7.105"]
[White "Petersen, Jakob Alexander"]
[Black "Tijssens, Rob"]
[Result "0-1"]
[WhiteElo "1425"]
[BlackElo "1782"]
[EventDate "2014.03.04"]
[PlyCount "84"]

1. e4 c5 2. Nf3 d6 3. d4 cxd4 4. Nxd4 Nf6 5. Nc3 a6 6. Bc4 e6 7. Be3 b5 8.
 Bd3 Bb7 9. a3 Be7 10. Qd2 Nbd7 11. f3 Qc7 12. O-O-O O-O 13. Bg5 Rac8 14. 
Kb1 Ne5 15. f4 Nc4 16. Bxc4 Qxc4 17. e5 dxe5 18. fxe5 Nd5 19. Bxe7 Nxe7 
20. Rhe1 Rfd8 21. Ne4 Bxe4 22. Rxe4 Rd5 23. c3 Ng6 24. Rde1 Qc7 25. Qe3 
Rcd8 26. h4 Ne7 27. g4 Nc6 28. h5 Nxd4 29. Rxd4 Rxd4 30. cxd4 Qd7 31. Rd1 
Qd5 32. g5 Rc8 33. h6 Qg2 34. Rc1 Rxc1+ 35. Qxc1 Qb7 36. hxg7 Qe4+ 37. Qc2
Qxc2+ 38. Kxc2 Kxg7 39. Kd3 Kg6 40. Ke4 Kxg5 41. Kf3 Kf5 42. b4 h5 0-1

[Event "N1 Reykjavik Open 2014"]
[Site "Reykjavik, Iceland"]
[Date "2014.03.09"]
[Round "7.107"]
[White "Maggason, Oskar"]
[Black "Davidsdottir, Nansy"]
[Result "1/2-1/2"]
[WhiteElo "1882"]
[BlackElo "1510"]
[EventDate "2014.03.04"]
[PlyCount "0"]

1. d4 Nf6 2. c4 e6 3. Nc3 d5 4. Nf3 Be7 5. Bf4 c6 6. e3 O-O 7. a4 Nbd7 8. 
Bd3 b6 9. O-O Bb7 10. Qe2 c5 11. Nb5 Bc6 12. Ne5 Bb7 13. Rfd1 a6 14. Nc3 
Qc8 15. Rac1 dxc4 16. Nxc4 Qc6 17. f3 Nd5 18. Bg3 Nxc3 19. Rxc3 Nf6 20. 
Ne5 Qe8 21. a5 Nd5 22. Rcc1 cxd4 23. exd4 bxa5 24. Qe4 f5 25. Qe2 Bg5 26. 
Rc5 a4 27. Nc4 Nf4 28. Qe5 Ng6 29. Qc7 Rf7 30. Qb6 Bd8 31. Qb4 Be7 32. Bd6
Qd8 33. Bxe7 Qxd4+ 34. Kh1 Rxe7 35. Ra5 Qf2 36. Qe1 Qxe1+ 1/2-1/2

[Event "N1 Reykjavik Open 2014"]
[Site "Reykjavik, Iceland"]
[Date "2014.03.09"]
[Round "7.108"]
[White "Holm, Fridgeir K"]
[Black "Kravchuk, Mykhaylo"]
[Result "1-0"]
[WhiteElo "1729"]
[BlackElo "1470"]
[EventDate "2014.03.04"]
[PlyCount "63"]

1. e4 e5 2. Nf3 Nf6 3. Nc3 Nc6 4. Bc4 Bc5 5. O-O O-O 6. d3 h6 7. Nd5 d6 8.
 h3 Be6 9. Be3 Bb6 10. Qd2 Nd4 11. Nxb6 Nxf3+ 12. gxf3 Bxh3 13. Bxh6 Bxf1 
14. Bxg7 Kxg7 15. Qg5+ Kh7 16. Kxf1 Rg8 17. Qh4+ Kg7 18. Nxa8 c6 19. Ke2 
Kf8 20. Nc7 Ke7 21. Nd5+ cxd5 22. Bxd5 Rg6 23. a4 Qb6 24. Ra2 Qb4 25. c3 
Qb6 26. b4 Qc7 27. Rc2 b6 28. Bb3 Qc6 29. d4 exd4 30. cxd4 Qd7 31. e5 dxe5
32. dxe5 1-0

[Event "N1 Reykjavik Open 2014"]
[Site "Reykjavik, Iceland"]
[Date "2014.03.09"]
[Round "7.116"]
[White "Ragnarsson, Heimir Pall"]
[Black "Englert, Fred"]
[Result "0-1"]
[WhiteElo "1424"]
[BlackElo "1845"]
[EventDate "2014.03.04"]
[PlyCount "170"]

1. c4 c6 2. Nf3 d5 3. b3 Nf6 4. g3 g6 5. Bb2 Bg7 6. d3 O-O 7. Nbd2 Qb6 8. 
Qc2 Ng4 9. c5 Qc7 10. Bxg7 Kxg7 11. Bg2 Nd7 12. O-O e5 13. e4 Ngf6 14. b4 
b6 15. cxb6 axb6 16. b5 Bb7 17. bxc6 Qxc6 18. Qb2 Qd6 19. Rfe1 Rfe8 20. 
exd5 Bxd5 21. Nc4 Bxc4 22. dxc4 Rac8 23. Rad1 Qc5 24. Bh3 Rc7 25. Qb5 Qxb5
26. cxb5 e4 27. Nd4 Ne5 28. Bg2 Ra8 29. Bxe4 Ra3 30. Rc1 Rxc1 31. Rxc1 
Nxe4 32. Re1 f5 33. Kg2 Rxa2 34. Re2 Rxe2 35. Nxe2 Nd6 36. Nc3 Kf7 37. f4 
Nec4 38. Kf2 Ke6 39. Ke2 Na3 40. Na4 Nc8 41. Nc3 Kd6 42. Kd3 Kc5 43. h3 
Nd6 44. g4 Naxb5 45. gxf5 Nxf5 46. Ne4+ Kc6 47. Nf6 h6 48. Ng4 Nbd6 49. 
Ne5+ Kd5 50. Nxg6 b5 51. Nf8 Ne4 52. Nd7 Nf2+ 53. Kc3 Nxh3 54. Kb4 Nd6 55.
 f5 Ng5 56. Kc3 Nxf5 57. Nf6+ Kc6 58. Nh5 Kc5 59. Kb3 Nd4+ 60. Kb2 Kc4 61.
 Ng3 Ngf3 62. Ne4 Nf5 63. Nf6 N3d4 64. Ne4 Kd3 65. Nf2+ Ke2 66. Ne4 h5 67.
 Kc3 h4 68. Ng5 Ke3 69. Nh3 Kf3 70. Ng5+ Kg4 71. Ne4 Kf4 72. Nf2 Kg3 73. 
Ne4+ Kg2 74. Ng5 h3 75. Nxh3 Kxh3 76. Kd3 Kg3 77. Ke4 Kf2 78. Kd3 Ke1 79. 
Kc3 Kd1 80. Kb2 Kd2 81. Ka3 Kc1 82. Ka2 Nd6 83. Ka3 Kb1 84. Kb4 Kb2 85. 
Kc5 Kc3 0-1